|
|
|
|
| LEADER |
04942nam a22004333i 4500 |
| 001 |
EBC6897842 |
| 003 |
MiAaPQ |
| 005 |
20231204023221.0 |
| 006 |
m o d | |
| 007 |
cr cnu|||||||| |
| 008 |
231204s2022 xx o ||||0 eng d |
| 020 |
|
|
|a 9783030919993
|q (electronic bk.)
|
| 020 |
|
|
|z 9783030919986
|
| 035 |
|
|
|a (MiAaPQ)EBC6897842
|
| 035 |
|
|
|a (Au-PeEL)EBL6897842
|
| 035 |
|
|
|a (OCoLC)1306062620
|
| 040 |
|
|
|a MiAaPQ
|b eng
|e rda
|e pn
|c MiAaPQ
|d MiAaPQ
|
| 050 |
|
4 |
|a JZ2-6530
|
| 082 |
0 |
|
|a 327.0704
|
| 100 |
1 |
|
|a Stern, Maria.
|
| 245 |
1 |
0 |
|a Feminist IR in Europe :
|b Knowledge Production in Academic Institutions.
|
| 250 |
|
|
|a 1st ed.
|
| 264 |
|
1 |
|a Cham :
|b Springer International Publishing AG,
|c 2022.
|
| 264 |
|
4 |
|c ©2022.
|
| 300 |
|
|
|a 1 online resource (182 pages)
|
| 336 |
|
|
|a text
|b txt
|2 rdacontent
|
| 337 |
|
|
|a computer
|b c
|2 rdamedia
|
| 338 |
|
|
|a online resource
|b cr
|2 rdacarrier
|
| 490 |
1 |
|
|a Trends in European IR Theory Series
|
| 505 |
0 |
|
|a Intro -- Contents -- List of Contributors -- List of Figures -- 1 Introduction -- References -- 2 Disparities and Diversification: Feminists in Europe Study War and/or Militaries -- Introduction -- Vital Caveats: 'IR Scholarship,' 'On War and Militaries,' 'Within Europe'? -- Militaries -- Militarism and Militarization -- Military Masculinities -- Fighting Women -- Military Families -- War -- Everyday War -- Counterinsurgency -- Conflict-Related Sexual Violence -- Concluding Remarks -- References -- 3 Feminist Security Studies in Europe: Beyond Western Academics' Club -- Introduction -- What, Where, and Who Is Feminist Security Studies? -- What is Missing? -- European Feminist Security Studies: Theories, Methodologies, Issues -- Issues and Silences -- Theories and Methods -- Concluding Thoughts -- References -- 4 Feminist Peace Research in Europe: A Snapshot -- Introduction -- Feminist Engagements with/for Peace -- A Mapping of Feminist Peace Research in Europe -- Centers of Excellence and the Production of Feminist Peace Research -- Leveraging the WPS Agenda in Peacebuilding: Negotiations, Sexual Violence, and Hybridity -- Conclusion -- References -- 5 Feminist Scholarship in Europe on the Politics of International Migration -- Introduction -- Critical Feminist Interventions in Migration Studies -- Border (In)securities and Sovereignty -- Conflict and Displacement: Determining Inclusive Refugeehood -- The Politics of Intimacy and Belonging -- Global Relations of Labor and Care -- Conclusion -- References -- 6 Feminist International Political Economy in Europe -- Introduction -- Capitalism and Neoliberalism: Connecting Discourses, Policies, and Everyday Implications -- Analyzing International Development Discourses and Organizations -- Reflexive Exercises on the Governance of Neoliberalism and Development and Feminists.
|
| 505 |
8 |
|
|a Institutional Locations, Positionalities, and New Directions -- Bibliography -- 7 Feminist Foreign Policy Studies in Europe -- Introduction -- Overview -- Gender and State Foreign Policy -- EU Foreign Policy -- Securitization/Militarization of Foreign Policy -- What's Been Overlooked in European Feminist IR Scholarship on Foreign Policy and EU External Relations? -- Conclusion -- Bibliography -- 8 Feminist Knowledge Production in Europe on Diplomacy and International Negotiation -- Introduction -- Mapping Feminist Scholarship on Diplomacy and International Negotiation Across Europe -- Mapping Across States -- Mapping Across Institutional Sites -- University Sites -- Non-University Research Centers -- Diplomatic Academies and Research Centers Attached to the Ministries of Foreign Affairs (MFAs) -- Mapping Key Thinkers on Gender and Diplomacy in Europe -- Feminist Scholarship in Europe on Diplomacy and International Negotiation-Theoretical Approaches, Methodological Challenges, and Avenues for Future Research -- Conclusions -- References -- 9 Decentering Political Authority and Power: Feminist Global Governance Studies in Europe -- Introduction -- Overview: Feminist Analyses of Global Governance -- Reflections -- Theorizing the State in Global Governance -- Knowledge and Expertise as Technologies of Power -- Conclusion -- Bibliography -- Index.
|
| 588 |
|
|
|a Description based on publisher supplied metadata and other sources.
|
| 590 |
|
|
|a Electronic reproduction. Ann Arbor, Michigan : ProQuest Ebook Central, 2023. Available via World Wide Web. Access may be limited to ProQuest Ebook Central affiliated libraries.
|
| 655 |
|
4 |
|a Electronic books.
|
| 700 |
1 |
|
|a Towns, Ann E.
|
| 776 |
0 |
8 |
|i Print version:
|a Stern, Maria
|t Feminist IR in Europe
|d Cham : Springer International Publishing AG,c2022
|z 9783030919986
|
| 797 |
2 |
|
|a ProQuest (Firm)
|
| 830 |
|
0 |
|a Trends in European IR Theory Series
|
| 856 |
4 |
0 |
|u https://ebookcentral.proquest.com/lib/matrademy/detail.action?docID=6897842
|z Click to View
|